000 02007nam a2200433 a 4500
001 ebr10309044
003 CaPaEBR
006 m u
007 cr cn|||||||||
008 060316s2006 alub sb s001 0aeng
010 _z 2006009147
020 _z0817315268 (alk. paper)
020 _z9780817315269
040 _aCaPaEBR
_cCaPaEBR
035 _a(OCoLC)647814654
043 _an-us---
_an-us-al
050 1 4 _aE467.1.T85
_bB73 2006eb
082 0 4 _a973.7/3092
_aB
_222
100 1 _aBradley, George C.,
_d1947-
245 1 0 _aFrom conciliation to conquest
_h[electronic resource] :
_bthe sack of Athens and the court-martial of Colonel John B. Turchin /
_cGeorge C. Bradley and Richard L. Dahlen.
260 _aTuscaloosa :
_bUniversity of Alabama Press,
_cc2006.
300 _ax, 297 p. :
_bill., maps.
504 _aIncludes bibliographical references (p. [275]-290) and index.
533 _aElectronic reproduction.
_bPalo Alto, Calif. :
_cebrary,
_d2013.
_nAvailable via World Wide Web.
_nAccess may be limited to ebrary affiliated libraries.
600 1 0 _aTurchin, John B.
_q(John Basil),
_d1822-1901.
600 1 0 _aTurchin, John B.
_q(John Basil),
_d1822-1901
_vTrials, litigation, etc.
610 1 0 _aUnited States.
_bArmy
_xOfficers
_vBiography.
610 1 0 _aUnited States.
_bArmy.
_bIllinois Infantry Regiment, 19th (1861-1864)
650 0 _aSoldiers
_zUnited States
_vBiography.
650 0 _aTrials (Military offenses)
_zUnited States.
650 0 _aPillage
_zAlabama
_zAthens
_xHistory
_y19th century.
650 0 _aCivil-military relations
_zUnited States
_xHistory
_y19th century.
651 0 _aAthens (Ala.)
_xHistory, Military
_y19th century.
651 0 _aUnited States
_xHistory
_yCivil War, 1861-1865
_xDestruction and pillage.
655 7 _aElectronic books.
_2local
700 1 _aDahlen, Richard L.,
_dd. 2002.
710 2 _aebrary, Inc.
856 4 0 _uhttp://site.ebrary.com/lib/rucke/Doc?id=10309044
_zAn electronic book accessible through the World Wide Web; click to view
999 _c61613
_d61613